=LDR 00000nam 2200000 4500 =001 INLIS000000000037968 =005 20211101092116 =035 ##$$a 0010-061300000037968 =008 211101################g##########0#ind## =041 ##$$a ind =082 ##$$a 2x5.1 =090 ##$$a 2x5.1bRaj m =100 ##$$a Radjab, Untung s =245 1#$$a Menata Hati Mendekati Allah /$c Untung S. Radjab ; Editor, Ahmad bahar =260 ##$$a Jakarta :$b Solusi Publishing,$c 2010 =650 #4$$a Akhlak =850 ##$$a NBPNMAT =020 ##$$a 978-602-96900-1-9 =084 ##$$a 2x5.1 RAJ m =300 ##$$a iv, 159 hlm ; $c 14 x 20,5 cm =700 #$$a Ahmad bahar =504 ##$$a Bibliografi : hlm, 154 =520 ##$$a Biografi : hlm, 155-156 =250 ##$$a cet.1 =990 ##$$a 21106205 =990 ##$$a 21106906 =990 ##$$a 21106907 =990 ##$$a 21106908/pb/2011 =990 ##$$a 21106910 =990 ##$$a 21106204 =990 ##$$a 21106909 =990 ##$$a 21106202/pb/2011 =990 ##$$a 21196916/BPAP-NTB/2014 =990 ##$$a 0001/BPAP-NTB/20142014 =990 ##$$a 0001/BPAP-NTB/20142014 =990 ##$$a 21106205 =990 ##$$a 21106906 =990 ##$$a 21106907 =990 ##$$a 21106908/pb/2011 =990 ##$$a 21106910 =990 ##$$a 21106204 =990 ##$$a 21106909 =990 ##$$a 21106202/pb/2011 =990 ##$$a 21196916/BPAP-NTB/2014 =990 ##$$a 0001/BPAP-NTB/20142014 =990 ##$$a 0001/BPAP-NTB/20142014